Normal view MARC view

Entry Topical Term

Number of records used in: 1

001 - CONTROL NUMBER

  • control field: 6697

003 - CONTROL NUMBER IDENTIFIER

  • control field: OSt

005 - DATE AND TIME OF LATEST TRANSACTION

  • control field: 20160203195104.0

008 - FIXED-LENGTH DATA ELEMENTS

  • fixed length control field: 160203|| aca||aabn | a|a d

040 ## - CATALOGING SOURCE

  • Original cataloging agency: OSt
  • Transcribing agency: OSt

150 ## - HEADING--TOPICAL TERM

  • Topical term or geographic name entry element: Human health

670 ## - SOURCE DATA FOUND

  • Source citation: Work cat.: (OSt): edited by Thormson, Madelein; Garcia-Herrera, Richardo; Benson, Martin 6696, Season forecasts, climatic change and human health